Loading...
| Current Events | 1 | 0.00 | 0% | 0% | 0% |
| Fine Arts - Classical Music | 2 | 5.00 | 50% | 0% | 0% |
| Fine Arts - Other | 3 | 13.33 | 100% | 0% | 33% |
| Fine Arts - Painting and Sculpture | 6 | 11.67 | 67% | 50% | 0% |
| History - American | 4 | 15.00 | 100% | 50% | 0% |
| History - European | 5 | 18.00 | 100% | 60% | 20% |
| History - Other | 4 | 12.50 | 75% | 50% | 0% |
| History - World | 4 | 20.00 | 100% | 75% | 25% |
| Literature - American | 2 | 5.00 | 50% | 0% | 0% |
| Literature - British | 4 | 5.00 | 50% | 0% | 0% |
| Literature - European | 4 | 12.50 | 100% | 25% | 0% |
| Literature - World | 4 | 17.50 | 100% | 50% | 25% |
| Mythology | 7 | 17.14 | 100% | 57% | 14% |
| Philosophy | 5 | 18.00 | 100% | 60% | 20% |
| Pop Culture | 1 | 0.00 | 0% | 0% | 0% |
| Religion | 6 | 11.67 | 83% | 17% | 17% |
| Science - Biology | 3 | 13.33 | 100% | 33% | 0% |
| Science - Chemistry | 4 | 10.00 | 75% | 25% | 0% |
| Science - Other | 2 | 10.00 | 100% | 0% | 0% |
| Science - Physics | 3 | 13.33 | 100% | 33% | 0% |
| Social Science | 4 | 17.50 | 100% | 50% | 25% |